|
|
|
|
| LEADER |
01750cas a2200241 a 4500 |
| 001 |
AALejournalIMF011249 |
| 008 |
230101c9999 xx r poo 0 0eng d |
| 020 |
|
|
|c 5.00 USD
|
| 020 |
|
|
|z 9781463902131
|
| 022 |
|
|
|a 1934-7685
|
| 040 |
|
|
|a BD-DhAAL
|c BD-DhAAL
|
| 110 |
2 |
|
|a International Monetary Fund.
|
| 245 |
1 |
0 |
|a Lao People's Democratic Republic :
|b Staff Report; Staff Supplement; Public Information Notice on the Executive Board Discussion; and Statement by the Executive Director for Lao P.D.R.
|
| 264 |
|
1 |
|a Washington, D.C. :
|b International Monetary Fund,
|c 2011.
|
| 300 |
|
|
|a 1 online resource (60 pages)
|
| 490 |
1 |
|
|a IMF Staff Country Reports
|
| 500 |
|
|
|a <strong>Off-Campus Access:</strong> No User ID or Password Required
|
| 500 |
|
|
|a <strong>On-Campus Access:</strong> No User ID or Password Required
|
| 506 |
|
|
|a Electronic access restricted to authorized BRAC University faculty, staff and students
|
| 520 |
3 |
|
|a The economic growth of Lao P.D.R. was buoyed by mining and hydropower sectors, garment exports, non-regional tourism, and FDI inflows following the recovery from the global economic crisis. The Bank of Lao P.D.R. (BoL) also raised its overdraft lending rate. Net domestic assets of the BoL continued to expand rapidly net injections of liquidity into the banking system, and an expansion of other assets. Medium-term economic prospects, macroeconomic and financial policies, accelerated structural reforms to diversify the economy, improve the business climate, and foster trade.
|
| 538 |
|
|
|a Mode of access: Internet
|
| 830 |
|
0 |
|a IMF Staff Country Reports; Country Report ;
|v No. 2011/257
|
| 856 |
4 |
0 |
|z Full text available on IMF
|u http://elibrary.imf.org/view/journals/002/2011/257/002.2011.issue-257-en.xml
|z IMF e-Library
|